000 00535nam a2200205Ia 4500
005 20260429112017.0
008 260429s9999||||xx |||||||||||||| ||und||
020 _a9780367440633
041 _aEnglish
082 _a954
_bLAL
100 _aLally, Jagjeet
245 0 _aIndia and the early modern world /
_cJagjeet Lally
250 _a1st ed.
260 _aNew Delhi :
_bRoutledge,
_c2024.
300 _axv, 545 p.; hb
650 _a Early modern period
650 _a Global history
650 _aIndia-History
942 _cTB
999 _c51877
_d51877